Les maitres de la musique (Record no. 39267)

MARC details
000 -LEADER
campo de control de longitud fija 00509nam a2200181 i 4500
001 - NÚMERO DE CONTROL
campo de control 39267
003 - IDENTIFICADOR DE NÚMERO DE CONTROL
campo de control ES-MaACL
005 - FECHA Y HORA DE LA ÚLTIMA TRANSACCIÓN
campo de control 20230906155928.0
007 - CAMPO FIJO DE DESCRIPCIÓN FÍSICA--INFORMACIÓN GENERAL
campo de control de longitud fija t|
008 - DATOS DE LONGITUD FIJA--INFORMACIÓN GENERAL
campo de control de longitud fija 030227s1911 fr ||||1| fre d
100 1# - ENTRADA PRINCIPAL--NOMBRE DE PERSONA
Nombre de persona Calvocoressi , M. D.
9 (RLIN) 200213
245 14 - MENCIÓN DEL TÍTULO
Título Les maitres de la musique
Resto del título : Monssorgsky /
Mención de responsabilidad, etc. par M. D. Calvocoressi.
250 ## - MENCION DE EDICION
Mención de edición 2emè ed.
260 ## - PUBLICACIÓN, DISTRIBUCIÓN, ETC.
Lugar de publicación, distribución, etc. [S.l. :
Nombre del editor, distribuidor, etc. s.n.,
Fecha de publicación, distribución, etc. 1911] (
Lugar de fabricación/manufactura Evreux :
Fabricante Ch. Herissey)
300 ## - DESCRIPCIÓN FÍSICA
Extensión 246 p. ;
Dimensiones 20 cm.
852 ## - LOCALIZACIÓN
Ubicación ES-MaACL
Número de control de estantería F-2837
Holdings
Estatus retirado Estado de pérdida Estado de daño No para préstamo Biblioteca de origen Biblioteca actual Ubicación en estantería Fecha de adquisición Fuente de adquisición Total de préstamos Signatura topográfica completa Código de barras Visto por última vez Precio de reemplazo Tipo de ítem Koha
        Biblioteca del Ateneo de Madrid Biblioteca del Ateneo de Madrid Depósito 2 17/01/2008     F-2837 1041347 23/02/2023 23/02/2023 Libro impreso